Asia's lands and peoples : (Record no. 23103)
[ view plain ]
| 000 -LEADER | |
|---|---|
| fixed length control field | 00944nam a22002772a 4500 |
| 001 - CONTROL NUMBER | |
| control field | 23103 |
| 003 - CONTROL NUMBER IDENTIFIER | |
| rucl marc code | BD-RjUL |
| 005 - DATE AND TIME OF LATEST TRANSACTION | |
| control field | 20211209000907.0 |
| 008 - FIXED-LENGTH DATA ELEMENTS--GENERAL INFORMATION | |
| fixed length control field | 140310s1951 nyuab b 001 0 eng d |
| 035 ## - SYSTEM CONTROL NUMBER | |
| System control number | (BD-RjUL)23168 |
| 040 ## - CATALOGING SOURCE | |
| Original cataloging agency | DLC |
| Transcribing agency | TYC |
| Modifying agency | EQO |
| -- | BD-RjUL |
| Language of cataloging | eng |
| 041 ## - LANGUAGE CODE | |
| Language code of text/sound track or separate title | eng |
| 082 ## - DEWEY DECIMAL CLASSIFICATION NUMBER | |
| Classification number | 915 |
| Author mark and year | CRA |
| 100 1# - MAIN ENTRY--PERSONAL NAME | |
| Personal name | Cressey, George Babcock, |
| Dates associated with a name | 1896-1963. |
| 9 (RLIN) | 71219 |
| 245 10 - TITLE STATEMENT | |
| Title | Asia's lands and peoples : |
| Remainder of title | a geography of one-third the earth and two-thirds its people / |
| Statement of responsibility, etc. | by George B. Cressey |
| 250 ## - EDITION STATEMENT | |
| Edition statement | 2nd ed |
| 260 ## - PUBLICATION, DISTRIBUTION, ETC. (IMPRINT) | |
| Place of publication, distribution, etc. | New York ; |
| -- | London : |
| Name of publisher, distributor, etc. | Whittlesey house, McGraw-Hill book company inc, |
| Date of publication, distribution, etc. | 1951. |
| 300 ## - PHYSICAL DESCRIPTION | |
| Pagination | viii, 597 p. incl. front., illus. (incl. maps) diagrs. |
| Size | 26 x 20 cm |
| 490 1# - SERIES STATEMENT | |
| Series statement | McGraw-Hill series in geography |
| 504 ## - BIBLIOGRAPHY, ETC. NOTE | |
| Bibliography, etc | "Suggested readings": p. 549-571 |
| Bibliography, etc | Includes index. |
| 651 #0 - SUBJECT ADDED ENTRY--GEOGRAPHIC NAME | |
| Geographic name | Asia |
| 9 (RLIN) | 71248 |
| 830 #0 - SERIES ADDED ENTRY--UNIFORM TITLE | |
| Uniform title | McGraw-Hill series in geography |
| 942 ## - ADDED ENTRY ELEMENTS (KOHA) | |
| Source of classification or shelving scheme | Dewey Decimal Classification |
| Koha item type | Books |
| Lost status | Source of classification or shelving scheme | Damaged status | Not for loan | Collection code | Permanent Location | Current Location | Shelving location | Date acquired | Source of acquisition | Cost, normal purchase price | Total Checkouts | Full call number | Date last seen | Copy number | Koha item type |
|---|---|---|---|---|---|---|---|---|---|---|---|---|---|---|---|
| Dewey Decimal Classification | Added to bundle | Non-fiction | Central Library, University of Rajshahi | Central Library, University of Rajshahi | Reading Room | 08/10/1957 | Converesed | 40.00 | 915 CRA 1951 | 10/03/2014 | C-1 | Books |